Abhisarika (Record no. 5372)
[ view plain ]
| 000 -LEADER | |
|---|---|
| fixed length control field | 00402nam a2200157Ia 4500 |
| 005 - DATE AND TIME OF LATEST TRANSACTION | |
| control field | 20250310030534.0 |
| 008 - FIXED-LENGTH DATA ELEMENTS--GENERAL INFORMATION | |
| fixed length control field | 240331s9999 xx 000 0 und d |
| 020 ## - INTERNATIONAL STANDARD BOOK NUMBER | |
| ISBN | 955836200X |
| 082 ## - DDC Classification | |
| Item Number - Author Mark | SIR |
| Class No. | 891 |
| 100 ## - MAIN ENTRY--PERSONAL NAME | |
| Personal name | Siriwardena,A |
| 245 #0 - TITLE STATEMENT | |
| Title | Abhisarika |
| 260 ## - PUBLICATION, DISTRIBUTION, ETC. | |
| Place of publication, distribution, etc. | Kohuwala |
| Name of publisher, distributor, etc. | Agni Publishers |
| Date of publication, distribution, etc. | 2000 |
| 300 ## - PHYSICAL DESCRIPTION | |
| Extent (e.g. Volumes, Pages etc.) | 111 p ., |
| 500 ## - GENERAL NOTE | |
| General note | A Collection Of Short Stories by Atula Siriwardane |
| 942 ## - Koha item type (Biblio) | |
| Koha item type | Books in Stacks (Lending) |
| Lost status | Damaged status | Collection code | Home library | Current library | Shelving location | Date acquired | Full call number | Accession Number | Item type |
|---|---|---|---|---|---|---|---|---|---|
| Lending | WERC Library | WERC Library | Social Science Cupboard | 03/31/2024 | 891.48 SIR | 4462 | Books in Stacks (Lending) |
